000 00521nam a2200205Ia 4500
003 OSt
005 20230419113541.0
008 210423s2010 xx 000 0 und d
020 _a9780521170178
040 _cAL
041 _aeng
082 _a516.35 REIM
100 _aREID (Miles);SZENDROI (Balazs).
_990498
245 _aGeometry and topology.
260 _aNew York
_bCambridge University Press
_c2010
300 _axviii,196
_bPB
365 _b595
_cINR
906 _aGeometry ; topology.
942 _2ddc
_cBK
999 _c160132
_d160132